| LEADER | 00597cam a2200205Ma 4500 | ||
|---|---|---|---|
| 001 | 007701155-4 | ||
| 005 | 20020606104010.5 | ||
| 008 | 810626s1977 sg 000 0 fre d | ||
| 020 | |a 2723601811 | ||
| 035 | 0 | |a ocm25938406 | |
| 040 | |a INU |c INU |d OCL |d HLS | ||
| 043 | |a f-sg--- | ||
| 245 | 0 | 0 | |a 20 ans de gouvernement socialiste / |c Parti socialiste. |
| 246 | 3 | |a Vingt ans de gouvernement socialiste. | |
| 260 | |a Dakar : |b Nouvelles Editions africaines, |c c1977. | ||
| 300 | |a 107 p. ; |c 21 cm. | ||
| 650 | 0 | |a Socialism |z Senegal. | |
| 710 | 2 | |a Parti socialiste du Sénégal. | |
| 988 | |a 20020608 | ||
| 906 | |0 OCLC | ||


